Pokrok v Miléniových rozvojových cieľoch v oblasti zdravotníctva a vzdelania v južnej Afrike bakalárska práca

Salvato in:
Dettagli Bibliografici
Autore principale: Bednárová, Karolína
Ente Autore: Fakulta medzinárodných vzťahov EU. Katedra medzinárodných ekonomických vzťahov a hospodárskej diplomacie
Altri autori: Hlavová, Natália, 1991-
Natura: Libro
Lingua:slovacco
Pubblicazione: Bratislava 2017
Tags: Aggiungi Tag
Nessun Tag, puoi essere il primo ad aggiungerne!!

MARC

LEADER 00000nbm a2200000 4500
001 0232090
005 20180221143141.6
041 0 |a slo 
044 |a SK 
245 1 0 |a Pokrok v Miléniových rozvojových cieľoch v oblasti zdravotníctva a vzdelania v južnej Afrike  |b bakalárska práca  |c Karolína Bednárová ; školiteľ: Natália Hlavová 
264 1 |a Bratislava  |c 2017 
300 |a 64 s. 
100 1 |a Bednárová, Karolína 
700 1 |a Hlavová, Natália, 1991- 
710 2 |a Fakulta medzinárodných vzťahov EU. Katedra medzinárodných ekonomických vzťahov a hospodárskej diplomacie